| 000 | 00355nam a2200133Ia 4500 | ||
|---|---|---|---|
| 005 | 20251222144800.0 | ||
| 008 | 251222s9999||||xx |||||||||||||| ||spa|| | ||
| 082 | _a751.730.985/F63 | ||
| 100 | _aFlores Ochoa, Jorge A. | ||
| 245 | 0 | _aPintura Mural en el Sur Andino | |
| 250 | _a1ra. ed. | ||
| 264 | _bColección de Arte y Tesoros del Perú | ||
| 942 | _cLIB | ||
| 999 |
_c19696 _d19696 |
||